<?xml version="1.0" encoding="UTF-8"?>
<record
    xmlns:xsi="http://www.w3.org/2001/XMLSchema-instance"
    xsi:schemaLocation="http://www.loc.gov/MARC21/slim http://www.loc.gov/standards/marcxml/schema/MARC21slim.xsd"
    xmlns="http://www.loc.gov/MARC21/slim">

  <leader>00542nam a22001337a 4500</leader>
  <datafield tag="040" ind1=" " ind2=" ">
    <subfield code="c">RUA </subfield>
  </datafield>
  <datafield tag="082" ind1=" " ind2=" ">
    <subfield code="a">AVM CHA 2011 B098 Or.1</subfield>
  </datafield>
  <datafield tag="100" ind1=" " ind2=" ">
    <subfield code="a">CHAV YOKY </subfield>
  </datafield>
  <datafield tag="245" ind1=" " ind2=" ">
    <subfield code="a">Study on trypanosomosis (surra ) of pony in takeo province, (&#x1780;&#x17B6;&#x179A;&#x179F;&#x17B7;&#x1780;&#x17D2;&#x179F;&#x17B6;&#x1796;&#x17B8;&#x1787;&#x17C6;&#x1784;&#x17BA; Trypanosomosis (SURRA) &#x179A;&#x1794;&#x179F;&#x17CB;&#x179F;&#x17C1;&#x17C7;&#x1793;&#x17C5; &#x1781;&#x17C1;&#x178F;&#x17D2;&#x178F;&#x178F;&#x17B6;&#x1780;&#x17C2;&#x179C;)</subfield>
  </datafield>
  <datafield tag="260" ind1=" " ind2=" ">
    <subfield code="a">phnom penh </subfield>
    <subfield code="b">rua </subfield>
    <subfield code="c">2011</subfield>
  </datafield>
  <datafield tag="300" ind1=" " ind2=" ">
    <subfield code="a">xi,53p.</subfield>
    <subfield code="b">ill.</subfield>
    <subfield code="c">29cm.</subfield>
  </datafield>
  <datafield tag="856" ind1=" " ind2=" ">
    <subfield code="u">https://drive.google.com/file/d/1Bv-PuG8neVSM50gbJG-51m9vLDa42Mvi/view?usp=sharing</subfield>
  </datafield>
  <datafield tag="942" ind1=" " ind2=" ">
    <subfield code="c">AVM</subfield>
  </datafield>
  <datafield tag="999" ind1=" " ind2=" ">
    <subfield code="c">2482</subfield>
    <subfield code="d">2482</subfield>
  </datafield>
  <datafield tag="952" ind1=" " ind2=" ">
    <subfield code="0">0</subfield>
    <subfield code="1">0</subfield>
    <subfield code="2">ddc</subfield>
    <subfield code="4">0</subfield>
    <subfield code="6">AVM_CHA_2011_000000000000000_B098_OR_1</subfield>
    <subfield code="7">0</subfield>
    <subfield code="9">11313</subfield>
    <subfield code="a">LBB</subfield>
    <subfield code="b">LBB</subfield>
    <subfield code="c">B098</subfield>
    <subfield code="d">2015-10-21</subfield>
    <subfield code="l">1</subfield>
    <subfield code="o">AVM CHA 2011 B098 Or.1</subfield>
    <subfield code="p">RUA019175</subfield>
    <subfield code="r">2023-09-18</subfield>
    <subfield code="s">2023-07-25</subfield>
    <subfield code="w">2015-10-21</subfield>
    <subfield code="y">AVM</subfield>
  </datafield>
  <datafield tag="952" ind1=" " ind2=" ">
    <subfield code="0">0</subfield>
    <subfield code="1">0</subfield>
    <subfield code="2">ddc</subfield>
    <subfield code="4">0</subfield>
    <subfield code="6">AVM_CHA_2011_000000000000000_B098_OR_3</subfield>
    <subfield code="7">0</subfield>
    <subfield code="9">11314</subfield>
    <subfield code="a">LBB</subfield>
    <subfield code="b">LBB</subfield>
    <subfield code="c">B098</subfield>
    <subfield code="d">2015-10-21</subfield>
    <subfield code="l">4</subfield>
    <subfield code="o">AVM CHA 2011 B098 Or.3</subfield>
    <subfield code="p">RUA016140</subfield>
    <subfield code="r">2024-10-21</subfield>
    <subfield code="s">2022-11-22</subfield>
    <subfield code="w">2015-10-21</subfield>
    <subfield code="y">AVM</subfield>
  </datafield>
  <datafield tag="952" ind1=" " ind2=" ">
    <subfield code="0">0</subfield>
    <subfield code="1">0</subfield>
    <subfield code="2">ddc</subfield>
    <subfield code="4">0</subfield>
    <subfield code="6">AVM_CHA_2011_000000000000000_B098_OR_2</subfield>
    <subfield code="7">0</subfield>
    <subfield code="9">11315</subfield>
    <subfield code="a">LBB</subfield>
    <subfield code="b">LBB</subfield>
    <subfield code="c">B098</subfield>
    <subfield code="d">2015-10-21</subfield>
    <subfield code="l">2</subfield>
    <subfield code="o">AVM CHA 2011 B098 Or.2</subfield>
    <subfield code="p">RUA016084</subfield>
    <subfield code="r">2023-12-20</subfield>
    <subfield code="s">2023-12-04</subfield>
    <subfield code="w">2015-10-21</subfield>
    <subfield code="y">AVM</subfield>
  </datafield>
  <datafield tag="952" ind1=" " ind2=" ">
    <subfield code="0">0</subfield>
    <subfield code="1">0</subfield>
    <subfield code="2">ddc</subfield>
    <subfield code="4">0</subfield>
    <subfield code="6">AVM_CHA_2011_000000000000000_B098_OR_4</subfield>
    <subfield code="7">0</subfield>
    <subfield code="9">11316</subfield>
    <subfield code="a">LBB</subfield>
    <subfield code="b">LBB</subfield>
    <subfield code="c">B098</subfield>
    <subfield code="d">2015-10-21</subfield>
    <subfield code="l">3</subfield>
    <subfield code="o">AVM CHA 2011 B098 Or.4</subfield>
    <subfield code="p">RUA016206</subfield>
    <subfield code="r">2017-02-14</subfield>
    <subfield code="s">2017-01-10</subfield>
    <subfield code="w">2015-10-21</subfield>
    <subfield code="y">AVM</subfield>
  </datafield>
  <datafield tag="952" ind1=" " ind2=" ">
    <subfield code="0">0</subfield>
    <subfield code="1">0</subfield>
    <subfield code="2">ddc</subfield>
    <subfield code="4">0</subfield>
    <subfield code="6">AVM_CHA_2011_000000000000000_B098_OR_5</subfield>
    <subfield code="7">0</subfield>
    <subfield code="9">11317</subfield>
    <subfield code="a">LBB</subfield>
    <subfield code="b">LBB</subfield>
    <subfield code="c">B098</subfield>
    <subfield code="d">2015-10-21</subfield>
    <subfield code="l">3</subfield>
    <subfield code="o">AVM CHA 2011 B098 Or.5</subfield>
    <subfield code="p">RUA026620</subfield>
    <subfield code="r">2024-10-11</subfield>
    <subfield code="s">2024-10-07</subfield>
    <subfield code="w">2015-10-21</subfield>
    <subfield code="y">AVM</subfield>
  </datafield>
  <datafield tag="952" ind1=" " ind2=" ">
    <subfield code="0">0</subfield>
    <subfield code="1">0</subfield>
    <subfield code="2">ddc</subfield>
    <subfield code="4">0</subfield>
    <subfield code="6">AVM_CHA_2011_000000000000000_B098_OR_6</subfield>
    <subfield code="7">0</subfield>
    <subfield code="9">11318</subfield>
    <subfield code="a">LBB</subfield>
    <subfield code="b">LBB</subfield>
    <subfield code="c">B098</subfield>
    <subfield code="d">2015-10-21</subfield>
    <subfield code="o">AVM CHA 2011 B098 Or.6</subfield>
    <subfield code="p">RUA026916</subfield>
    <subfield code="r">2015-10-21</subfield>
    <subfield code="w">2015-10-21</subfield>
    <subfield code="y">AVM</subfield>
  </datafield>
  <datafield tag="952" ind1=" " ind2=" ">
    <subfield code="0">0</subfield>
    <subfield code="1">0</subfield>
    <subfield code="2">ddc</subfield>
    <subfield code="4">0</subfield>
    <subfield code="6">AVM_CHA_2011_000000000000000_B098_OR_7</subfield>
    <subfield code="7">0</subfield>
    <subfield code="9">11319</subfield>
    <subfield code="a">LBB</subfield>
    <subfield code="b">LBB</subfield>
    <subfield code="c">B098</subfield>
    <subfield code="d">2015-10-21</subfield>
    <subfield code="l">1</subfield>
    <subfield code="o">AVM CHA 2011 B098 Or.7</subfield>
    <subfield code="p">RUA016150</subfield>
    <subfield code="r">2020-01-03</subfield>
    <subfield code="s">2019-12-06</subfield>
    <subfield code="w">2015-10-21</subfield>
    <subfield code="y">AVM</subfield>
  </datafield>
  <datafield tag="952" ind1=" " ind2=" ">
    <subfield code="0">0</subfield>
    <subfield code="1">0</subfield>
    <subfield code="2">ddc</subfield>
    <subfield code="4">0</subfield>
    <subfield code="6">AVM_CHA_2011_000000000000000_B098_OR_8</subfield>
    <subfield code="7">0</subfield>
    <subfield code="9">13808</subfield>
    <subfield code="a">LBB</subfield>
    <subfield code="b">LBB</subfield>
    <subfield code="c">B098</subfield>
    <subfield code="d">2015-10-28</subfield>
    <subfield code="o">AVM CHA 2011 B098 Or.8</subfield>
    <subfield code="p">RUA009167</subfield>
    <subfield code="r">2015-10-28</subfield>
    <subfield code="w">2015-10-28</subfield>
    <subfield code="y">AVM</subfield>
  </datafield>
</record>
